[Event "ESP-ch States U16"]
[Site "Isla"]
[Date "2022.06.25"]
[Round "5"]
[White "Sierra Magrazo, Lidia"]
[Black "Menendez Osorio, Carmen"]
[Result "0-1"]
[WhiteElo "1752"]
[BlackElo "1493"]
[PlyCount "120"]
[EventDate "2022.06.23"]
[EventType "swiss"]
[EventRounds "6"]
[EventCountry "ESP"]
[SourceTitle "EXT 2023"]
[Source "ChessBase"]
[SourceDate "2022.10.05"]
[SourceVersion "1"]
[SourceVersionDate "2022.10.05"]
[SourceQuality "1"]

1. e4 c5 2. c3 d5 3. exd5 Qxd5 4. d4 Nf6 5. Nf3 e6 6. Na3 cxd4 7. Nb5 Qd8 8. Nbxd4 Be7 9. Be2 0-0 10. 0-0 a6 11. a4 b6 12. Ne5 Bb7 13. Re1 Qc7 14. Bf3 Rd8 15. Qb3 Bxf3 16. Nexf3 Bc5 17. Bg5 Bxd4 18. Nxd4 e5 19. Bxf6 gxf6 20. Nf5 Kh8 21. Re3 Rg8 22. Rh3 Rg5 23. Qd5 Nc6 24. Nh6 Kg7 25. Qe4 Qd7 26. Qh4 Rh8 27. Rg3 Rxg3 28. hxg3 Qe6 29. Ng4 h5 30. Ne3 Ne7 31. Qe4 Qc6 32. Qb4 Qc7 33. Rd1 Kg6 34. Qb3 Rd8 35. Qc2+ Kg7 36. g4 hxg4 37. Nxg4 Rxd1+ 38. Qxd1 Ng6 39. Qf3 Qd6 40. Qe3 Qd1+ 41. Kh2 Qxg4 42. Qxb6 Qh5+ 43. Kg1 Qd1+ 44. Kh2 Qxa4 45. b4 Qb5 46. Qe3 Qc4 47. Qg3 Qh4+ 48. Qxh4 Nxh4 49. c4 Nf5 50. g4 Nd4 51. Kg3 Kg6 52. f4 Ne2+ 53. Kf3 Nxf4 54. b5 axb5 55. cxb5 Ne6 56. b6 Nd8 57. Ke4 Kg7 58. Kd5 Kf8 59. Kd6 Ke8 60. Kc7 e4 0-1

[Event "ESP-ch U14"]
[Site "Salobrena"]
[Date "2021.07.14"]
[Round "5"]
[White "Sierra Magrazo, Lidia"]
[Black "Lobo Pereira, Arami"]
[Result "1/2-1/2"]
[WhiteElo "1583"]
[BlackElo "1815"]
[PlyCount "67"]
[EventDate "2021.07.12"]
[EventType "swiss"]
[EventRounds "9"]
[EventCountry "ESP"]
[SourceTitle "EXT 2022"]
[Source "ChessBase"]
[SourceDate "2021.10.06"]
[SourceVersion "1"]
[SourceVersionDate "2021.10.06"]
[SourceQuality "1"]

1. d4 d5 2. Nf3 e6 3. c4 Nf6 4. g3 Be7 5. Bg2 0-0 6. 0-0 c6 7. Qc2 b6 8. Nbd2 Na6 9. a3 Bb7 10. e4 dxe4 11. Nxe4 Nxe4 12. Qxe4 Bf6 13. Be3 Qe7 14. Ne5 Rac8 15. b4 Ba8 16. Qf4 c5 17. Bxa8 Rxa8 18. b5 Bxe5 19. Qxe5 cxd4 20. Bxd4 f6 21. Qe3 Nc7 22. Bc3 Rfd8 23. Bb4 Qf7 24. a4 e5 25. c5 Nd5 26. Qa3 Nxb4 27. Qxb4 bxc5 28. Qxc5 Rac8 29. Rad1 Rxc5 30. Rxd8+ Qf8 31. Rxf8+ Kxf8 32. Rb1 Ke7 33. a5 Kd7 34. Kg2 1/2-1/2

[Event "Salou op U2300 3rd"]
[Site "Salou"]
[Date "2018.04.30"]
[Round "5"]
[White "Sierra Magrazo, Lidia"]
[Black "Ayensa Vazquez, Jose Angel"]
[Result "0-1"]
[WhiteElo "1406"]
[BlackElo "1470"]
[PlyCount "94"]
[EventDate "2018.04.28"]
[EventType "swiss"]
[EventRounds "7"]
[EventCountry "ESP"]
[SourceTitle "CBM 184 Extra"]
[Source "ChessBase"]
[SourceDate "2018.06.28"]
[SourceVersion "1"]
[SourceVersionDate "2018.06.28"]
[SourceQuality "1"]

1. e4 c5 2. Nf3 d6 3. d4 cxd4 4. Nxd4 Nf6 5. Nc3 Nc6 6. Be3 a6 7. Qd2 Ng4 8. 0-0-0 Nxe3 9. Qxe3 e6 10. Bc4 Be7 11. Rhe1 Bg5 12. f4 Bh6 13. Kb1 e5 14. Nxc6 bxc6 15. Ne2 Bg4 16. g3 0-0 17. Rf1 Qc7 18. Rde1 a5 19. a3 Bxe2 20. Rxe2 Ra7 21. Ref2 Rb8 22. c3 Rab7 23. Qc1 Qb6 24. Re2 Qc5 25. Ba2 Qxa3 26. Rff2 Qc5 27. Rg2 a4 28. Rgf2 g6 29. Rd2 exf4 30. gxf4 Qe3 31. Ka1 Bxf4 32. Qc2 g5 33. Rde2 Qa7 34. h3 a3 35. b3 c5 36. Rf1 c4 37. b4 Be5 38. Rb1 Rxb4 39. Rxb4 Rxb4 40. Re1 Rb2 41. Qc1 Qa5 42. Re3 Qa4 43. Rf3 Rc2 44. Qxc2 Qxc2 45. Bxc4 Bxc3+ 46. Rxc3 Qxc3+ 47. Ka2 Qb2# 0-1

[Event "Salou op U2300 3rd"]
[Site "Salou"]
[Date "2018.04.29"]
[Round "3"]
[White "Dartmann Aubanell, Catriona"]
[Black "Sierra Magrazo, Lidia"]
[Result "1-0"]
[WhiteElo "1726"]
[BlackElo "1406"]
[PlyCount "79"]
[EventDate "2018.04.28"]
[EventType "swiss"]
[EventRounds "7"]
[EventCountry "ESP"]
[SourceTitle "CBM 184 Extra"]
[Source "ChessBase"]
[SourceDate "2018.06.28"]
[SourceVersion "1"]
[SourceVersionDate "2018.06.28"]
[SourceQuality "1"]

1. e4 e5 2. Nf3 Nc6 3. Bb5 a6 4. Ba4 Nf6 5. d3 Bc5 6. 0-0 d6 7. h3 Bd7 8. c3 h6 9. Nbd2 0-0 10. Re1 Re8 11. Nf1 d5 12. exd5 Nxd5 13. Bxc6 Bxc6 14. Nxe5 Qd6 15. d4 Ba7 16. Nxc6 Qxc6 17. Rxe8+ Rxe8 18. Be3 Qd6 19. Qg4 Re6 20. Ng3 Nxe3 21. fxe3 Rg6 22. Nf5 Qe6 23. Qf3 Rf6 24. e4 g6 25. Nxh6+ Kg7 26. Qe3 Qe7 27. Ng4 Re6 28. e5 Bb6 29. Qh6+ Kg8 30. Nf6+ Qxf6 31. exf6 Rxf6 32. Re1 Re6 33. Rxe6 fxe6 34. Qxg6+ Kf8 35. h4 e5 36. Qf6+ Kg8 37. Qxe5 Kh7 38. Qg5 Ba7 39. h5 b6 40. h6 1-0